Kecemerlangan remaja

Bibliographic Details
Main Author: Muhammad Kamil Ibrahim
Format: Book
Published: Kuala Lumpur : Darul Numan , 1996
Subjects:

MARC

LEADER 00000cam a2200000 7i4500
001 0000012564
005 20071226.0
008 071224
020 |a 983046119x 
090 0 0 |a 305.235   |b MUH 
100 1 |a Muhammad Kamil Ibrahim 
245 1 0 |a Kecemerlangan remaja   |c Muhammad Kamil Ibrahim 
260 |a Kuala Lumpur :   |b Darul Numan ,   |c 1996 
650 0 |a Youth 
650 0 |a Youth adults   |x Conduct of life 
999 |a 0001008115   |b Book   |c Adult Collection   |e Perbadanan Perpustakaan Awam Johor 
999 |a 0001008116   |b Book   |c Adult Collection   |e Perbadanan Perpustakaan Awam Johor